Chinese cities in Civilization 6 Map quiz - Statistics

General Stats
  • This quiz has been taken 26 times
  • The average score is 11 of 31
Answers on the Map
Answers color-coded by a green-red scale on the quiz's map according to % correct below.
 
Answer Stats
Answer % Correct
Beijing
96%
Shanghai
91%
Guangzhou
87%
Xi'an
87%
Chen
83%
Wuhan
83%
Chengdu
78%
Nanjing
70%
Jiangzhou
65%
Shenyang
48%
Hefei
43%
Changsha
39%
Luoyang
39%
Shendu
39%
Taiyuan
26%
Kaifeng
22%
Xuzhou
17%
Yinchuan
17%
Handan
13%
Longxi
13%
Jiaodong
9%
Jiujiang
9%
Langfang
9%
Lu'an
9%
Qufu
9%
Quxian
9%
Xingzhou
9%
Xinzheng
9%
Xiurong
9%
Yiyang
9%
Linzi
4%
No matching quizzes found
Score Distribution
Percent of People with Each Score
Percentile by Number Answered
Your Score History
You have not taken this quiz